• 首页
  • 本馆介绍
  • 公告通知
  • 最新文献
  • 馆藏检索
  • 电子资源
  • 读者导购
  • 参考咨询
  • 我的图书馆
  • 登录
  • 详细信息显示
  • 放入我的书架
  • 预约/预借图书
  • 作者相关作品
  • 分类相关作品
  • 丛书相关作品
  • 出版社相关作品

书目信息

  • 表格格式
  • 工作单格式
  • 卡片格式
题名:
新谍报学
    
 
作者: 科普兰 著 ;郭纪晴 译
分册:  
出版信息: 北京   群众出版社  1980.6
页数: 318页
开本: 19cm
丛书名:
单 册:
中图分类: D771.2
科图分类:
主题词: 政治
电子资源:
ISBN:
000 00715nam0 2200229 45
001 0303130878
005 20060809105548.10
010    @dCNY1.20
091    @a3067.90
100    @a20030313d1980 km y0chiy0120 ea
101 0  @achi
200 1  @a新谍报学@AXin Die Bao Xue@f(美)迈尔斯·科普兰著@F(Mei)Mai Er Si·Ke PuLan Zhu@g郭纪晴译@e不用斗篷,也不用匕首@EBu Yong Dou Peng,Ye Bu Yong Bi Shou
210    @a北京@c群众出版社@d1980.6
215    @a318页@d19cm
300    @a内部发行
517    @a不用斗篷,也不用匕首@ABu Yong Dou Peng,Ye Bu Yong Bi Shou
606 0  @a政治
690    @aD771.2@v3
701  0 @a科普兰@4著
702  0 @a郭纪晴@AGuo Ji Qing@4译
801    @aCN@bTSTC@c20060809
905    @dD771.2@e14@f1@b36464
    
    新谍报学/(美)迈尔斯·科普兰著/郭纪晴译:不用斗篷,也不用匕首.-北京:群众出版社,1980.6
    318页;19cm
    内部发行
    
    ISBN :CNY1.20
    
●
相关链接 在E读中查询图书 在五车中查询图书 在当当中查询图书 在豆瓣中查询图书


正题名:新谍报学     索取号:D771.2/14         预约/预借

序号 登录号 条形码 馆藏地/架位号 状态 备注
1 0036461   001763611   密集书库/ [索取号:D771.2/14] 在馆    
2 0036462   001767387   密集书库/ [索取号:D771.2/14] 在馆    
3 0036463   001763461   密集书库/ [索取号:D771.2/14] 在馆    
4 0036464   000364901   第一样本阅览室/ [索取号:D771.2/14] 在馆    
5 0036465   001763452   密集书库/ [索取号:D771.2/14] 在馆    
6 0424750   204247500   密集书库/ [索取号:D771.2/14] 在馆    
7 0440509   204405090   密集书库/ [索取号:D771.2/14] 在馆    
8 0447842   204478421   密集书库/ [索取号:D771.2/14] 在馆    
唐山师范学院图书馆 欢迎您!
大连网信软件有限公司© 版权所有